| 000 | 01432cam a2200241 4500 | ||
|---|---|---|---|
| 001 | ABS66083 | ||
| 008 | 021025n2002 000 0 eng u | ||
| 035 | _a(Sirsi) u120260 | ||
| 245 | _aClements v Simmonds | ||
| 260 | _c2002 | ||
| 490 |
_aEstates Gazette Law Reports _v[2002] 41 EG 178-185(8) |
||
| 490 |
_aHigh Court (Administrative Court) _v[2002] EWHC 1652 (QB) |
||
| 520 | _aQBD 17 April 2002. The claimant C had held a statutory tenancy, protected by the Rent Act 1977, of a flat in a house owned by the defendant S. In May 2000 a possession order was made, under Sched 15 Case 9 to the 1977 Act, in favour of S. C gave up possession in November 2000. Soon after, S, whose health was deteriorating, gave instructions for the house to be sold, as she was too ill to renovate the property. It was sold in 2001 for around £1.25m. C brought a claim for damages under 1977 Act s102, on the grounds that the basis upon which S had obtained the possession order was false and was a misrepresentation as to her intentions to live in the house. "Held", the claim was allowed and damages of £60 000 awarded. | ||
| 590 | _aABS | ||
| 650 | _aCLAIM FOR DAMAGES | ||
| 650 | _aRENT ACT 1977 SCHED 15 CASE 9 | ||
| 650 | _aRENT ACT 1977 S102 | ||
| 650 | _aMEASURE OF DAMAGES | ||
| 650 | _aORDER FOR POSSESSION | ||
| 650 | _aCLEMENTS V SIMMONDS | ||
| 690 | _aLANDLORD AND TENANT-RESIDENTIAL TENANCIES-CASE LAW | ||
| 942 | _n0 | ||
| 999 |
_c71444 _d71444 |
||